| 000 | 00382nam a2200145Ia 4500 | ||
|---|---|---|---|
| 008 | 150201s2005 xx 000 0 und d | ||
| 082 |
_a616.0757 _bD05B |
||
| 100 | _aBERRY, MANORAMA | ||
| 245 | _aDIAGNOSTIC RADIOLOGY MUSCALOSKELETAL AND IMAGING | ||
| 250 | _a2ND | ||
| 260 |
_bJAYPEE BROTHERS _aDELHI _c2005 |
||
| 300 | _a1-574 | ||
| 650 | _aRADIOLOGY & DIAGNOSIS | ||
| 942 |
_2ddc _cBK _01 |
||
| 999 |
_c19 _d19 |
||